| 000 | 01154nam a2200241Ia 4500 | ||
|---|---|---|---|
| 999 |
_c36159 _d36159 |
||
| 001 | 2061 | ||
| 003 | GE_BSU | ||
| 005 | 20190515194447.0 | ||
| 008 | 181216s2009||||ge |||||||||||||| ||geo|| | ||
| 020 | _a9789941150999 | ||
| 040 | _cGE_BSU | ||
| 080 | _a811.353.1,35(075.8) ა–91 | ||
| 100 |
_aაფრიდონიძე, შუქია _91198 |
||
| 245 |
_aჩვენი ენა ქართული / _cშუქია აფრიდონიძე ; რედ.: ვიოლა კალანდაძე, გუჩა კვარაცხელია. |
||
| 264 |
_aთბილისი : _bბაკურ სულაკაურის გამ-ბა, _c2009. |
||
| 300 |
_a224 გვ.; _b19 სმ. |
||
| 504 | _aსაძიებლები: გვ. 207-224. - ბიბლიოგრ.: გვ. 205-206. | ||
| 541 | _h8 ლ. | ||
| 653 | _a ქართული ენის ორთოგრაფია | ||
| 700 |
_a კალანდაძე, ვიოლა _eრედაქტორი _91199 |
||
| 700 |
_aკვარაცხელია, გუჩა _eრედაქტორი _91200 |
||
| 942 |
_cBK _2udc |
||